000 00426nam a2200181Ia 4500
001 13653
005 20260306164817.0
008 260306t2011||||xx |||||||||||||| ||spa||
041 _aESP
082 _a005.1
_bS67 2011
100 _aSommerville, Ian
_eAUT
245 0 _aIngenierĂ­a de software
260 _c2011
300 _axv, 773 páginas :
_c23 cm.
650 _aGEN
654 _aCCC
942 _cLIB
_dJUS
_fJUS
_2ddc
_n
999 _c13653
_d13653